000
00453 a2200133 4500
000
nam a22 7a 4500
100
_a
आदेश परिहार
110
_a
आदेश परिहार
245
_a
भारत के पड़ोस में अस्थिरता
250
_a
latest edition
260
_b
निशा पब्लिकेशन
_c
2024
264
_b
निशा पब्लिकेशन
_c
2024
942
_c
BK
999
_c
394212
_d
394212